La estética de San Agustín y sus fuentes / (Record no. 149064)

MARC details
000 -LEADER
campo de control de longitud fija 00649nam a2200205 4500
001 - NÚMERO DE CONTROL
campo de control 149064
003 - IDENTIFICADOR DE NÚMERO DE CONTROL
campo de control ES-MaACL
005 - FECHA Y HORA DE LA ÚLTIMA TRANSACCIÓN
campo de control 20230906202931.0
007 - CAMPO FIJO DE DESCRIPCIÓN FÍSICA--INFORMACIÓN GENERAL
campo de control de longitud fija t|
008 - DATOS DE LONGITUD FIJA--INFORMACIÓN GENERAL
campo de control de longitud fija 070214s1958 sp r ||||1| spa d
100 1# - ENTRADA PRINCIPAL--NOMBRE DE PERSONA
Nombre de persona Svoboda, Karel.
9 (RLIN) 108907
245 13 - MENCIÓN DEL TÍTULO
Título La estética de San Agustín y sus fuentes /
Mención de responsabilidad, etc. Karel Svoboda ; versión y prólogo de Luis Rey Altuna.
260 ## - PUBLICACIÓN, DISTRIBUCIÓN, ETC.
Lugar de publicación, distribución, etc. Madrid :
Nombre del editor, distribuidor, etc. Ed. Augustinus,
Fecha de publicación, distribución, etc. 1958 (
Fabricante Imp. Sagrado Corazón)
300 ## - DESCRIPCIÓN FÍSICA
Extensión 350 p. ;
Dimensiones 20 cm.
490 1# - MENCIÓN DE SERIE
Mención de serie Col. Augustinus
700 1# - ENTRADA AGREGADA--NOMBRE PERSONAL
Nombre de persona Rey Altuna, Luis.
9 (RLIN) 96515
830 0# - PUNTO DE ACCESO ADICIONAL DE SERIE-TÍTULO UNIFORME
Título uniforme Col. Augustinus
9 (RLIN) 221066
852 ## - LOCALIZACIÓN
Ubicación ES-MaACL
Número de control de estantería C-14645
Sublocalización o colección R.42542
Holdings
Estatus retirado Estado de pérdida Estado de daño No para préstamo Biblioteca de origen Biblioteca actual Ubicación en estantería Fecha de adquisición Fuente de adquisición Total de préstamos Signatura topográfica completa Código de barras Visto por última vez Precio de reemplazo Tipo de ítem Koha
        Biblioteca del Ateneo de Madrid Biblioteca del Ateneo de Madrid Ficheros 17/01/2008     C-14645 1155553 23/02/2023 23/02/2023 Libro impreso